Normal view
MARC view
- Tariq Farooq
Entry Personal Name
001 - CONTROL NUMBER
- control field: 47952
003 - CONTROL NUMBER IDENTIFIER
- control field: NUST
005 - DATE AND TIME OF LATEST TRANSACTION
- control field: 20210314133935.0
008 - FIXED-LENGTH DATA ELEMENTS
- fixed length control field: 210314|| aca||aabn | a|a d
040 ## - CATALOGING SOURCE
- Original cataloging agency: NUST
- Transcribing agency: NUST
100 ## - HEADING--PERSONAL NAME
- Personal name: Tariq Farooq
670 ## - SOURCE DATA FOUND
- Source citation: Work cat.: (NUST): Tariq Farooq, Analytical Study and Design of Pile Foudation for Bridge no 4 Near Kohat Tunnel Project, 23-04-2003
